000 01187cam a2200277 i 4500
003 SA-RiAUC
005 20250625133521.0
008 250622s2005 le g 000 0 ara c
020 _a995381113X
040 _aSA-JeALM
_bara
_cSA-RiAUC
_erda
082 0 4 _a257.1
090 _a257.1
_bا ب ن ل
100 1 _aابن لب، فرج بن قاسم بن أحمد،
_d701-782 هجري
_eمؤلف.
245 1 0 _aينبوع العين الثرة في تفريع مسألة الإمامة بالأجرة /
_cأبو سعيد فرج بن قاسم بن أحمد بن محمد بن لب الغرناطي المالكي ؛ تحقيق قطب الريسوني.
250 _aالطبعة الأولى.
264 1 _aبيروت :
_bدار ابن حزم،
_c2005
300 _a164 صفحة ؛
_c24 سم
336 _aنص
_btxt
_2rdacontent
_3كتاب
337 _aبدون وسيط
_bn
_2rdamedia
338 _aمجلد
_bnc
_2rdacarrier
650 7 _aالإمامة (فقه إسلامي)
_2aucsh
650 7 _aالنظام السياسي في الإسلام
_2aucsh
700 1 _aالريسوني، قطب،
_d1973-
_eمحقق.
942 _2ddc
_cBOOK
_n0
949 _aSA-JeALM
_d250622
_uosman123
_n1
999 _c9159
_d9159